000 00832cam a22002771 4500
001 sa 67002482
003 DLC
005 20260227112331.0
008 780503s1966 ii c b 000 0deng
010 _asa 67002482
035 _a(OCoLC)3857762
040 _aDLC
_cMiRochOU
_dDLC
042 _apremarc
043 _aa-ii---
050 0 0 _aDS481.B59
_bM8
082 _a954.03/5/0922
100 1 _aMukherjee, Uma.
245 1 0 _aTwo great Indian revolutionaries;
_bRash Behari Bose & Jyotindra Nath Mukherjee.
250 _a[1st ed.]
260 _aCalcutta,
_bFirma K. L. Mukhopadhyay
_c[1966]
300 _a viii, 251 p.
_bports.
_c22 cm.
504 _aBibliographical footnotes.
600 1 0 _aBose, Rash Behari,
_d1886-1945.
600 1 0 _aMukherjee, Jyotindra Nath,
_d1880-1915.
651 0 _aIndia
_xHistory
_y20th century.
999 _c73288
_d73288